LEADER 00816nas a2200217 i 4500 001 000000170138 003 CaOOAMICUS 005 20080409000000.0 008 080305b2007 mx uu u0 0spa r 013 $a147545 040 $aSeMil$bita 245 10$a2007 : Julio-Diciembre. 260 $aMéxico D.F. :$b[s.n.],$c2007$e(México D.F. :$fTécnica en Impresión ,$g2007) 300 $a200 p. ;$c22 cm. 773 0 $tAnalogía filosófica.$dMéxico D.F. : [s.n.]$x0188-896X$w()1815 774 0 $t[vedi periodico].$w()268351 850 $aSeMil 852 $aSeMil$W1$xVenegono$y1$m51 6 49$j121034$B121034$CSeMilBibl$Z2$F133040 $85 961 $aCambio: Scuola Cattolica 996 $6245$a2007 : Julio-Diciembre$9(OLS)http://semarc/title/239181 996 $6260$aMéxico D.F. :$b[s.n.]$9(OLS)http://semarc/publisher/30399 LEADER 01364nam a2200241 i 4500 001 000000217445 003 CaOOAMICUS 005 20121205000000.0 008 121205s1904 it u000 u ita u 013 $a196342 040 $aSeMil$bita 100 1 $aColombo, Angelo.$0(OLS)http://semarc/name/24141 245 12$aI santi magi :$bconferenze tenute in occasione della solenne riposizione delle Sante reliquie nella basilica di s. Eustorgio [in milano] l'epifania dell'anno 1904 /$cLe reliquie dei magi / Angelo Colombo ; Il culto dei magi / Giandomenico Pini ; La basilica dei magi / Cesare Nava. 260 $aMilano :$bGiuseppe Palma,$c1904. 300 $a72 p. ;$c19 cm. 650 4$aMilano - Chiese - Sant'Eustorgio.$0(OLS)http://semarc/subject/44932 650 4$aRe Magi - Meditazioni.$0(OLS)http://semarc/subject/39497 700 1 $aPini, Gian Domenico <1871-1930>.$0(OLS)http://semarc/name/60853 700 1 $aNava, Cesare.$0(OLS)http://semarc/name/76738 850 $aSeMil 852 $aSeMil$W1$xVenegono$y1$m3O I 28$j167859$B167859$CSeMilBibl$Z2$F178637 $81 996 $6245$aI santi magi :$bconferenze tenute in occasione della solenne riposizione delle Sante reliquie nella basilica di s. Eustorgio [in milano] l'epifania dell'anno 1904$9(OLS)http://semarc/title/312407 996 $6260$aMilano :$bGiuseppe Palma$9(OLS)http://semarc/publisher/36155